Making it Big is an Inspiring Story of Nepal's first Billionaire (Record no. 43197)
[ view plain ]
| 000 -LEADER | |
|---|---|
| fixed length control field | 00467nam a22001697a 4500 |
| 005 - DATE AND TIME OF LATEST TRANSACTION | |
| control field | 20250104200812.0 |
| 008 - FIXED-LENGTH DATA ELEMENTS--GENERAL INFORMATION | |
| fixed length control field | 250104b |||||||| |||| 00| 0 eng d |
| 020 ## - INTERNATIONAL STANDARD BOOK NUMBER | |
| International Standard Book Number | 9780143426035 |
| 041 ## - LANGUAGE CODE | |
| Language code of text/sound track or separate title | Eng |
| 082 ## - DEWEY DECIMAL CLASSIFICATION NUMBER | |
| Classification number | 920 CHA |
| 100 ## - MAIN ENTRY--PERSONAL NAME | |
| Author | Chaudhary, Binod |
| 245 ## - TITLE STATEMENT | |
| Title | Making it Big is an Inspiring Story of Nepal's first Billionaire |
| 260 ## - PUBLICATION, DISTRIBUTION, ETC. | |
| Place | Kathamandu |
| Publisher | Penguin Books |
| Publication Year | 2016 |
| 300 ## - PHYSICAL DESCRIPTION | |
| Extent | 411;. P. |
| 650 ## - SUBJECT ADDED ENTRY--TOPICAL TERM | |
| Subject | Businesspeople-Nepal-Biography. |
| 942 ## - ADDED ENTRY ELEMENTS (KOHA) | |
| Koha item type | Books |
| Withdrawn status | Lost status | Source of classification or shelving scheme | Damaged status | Not for loan | Home library | Current library | Shelving location | Accession Date | Vendor | Price | Bill number | Total Checkouts | Full call number | Barcode No | Date last seen | Date last checked out | Bill Date | Koha item type |
|---|---|---|---|---|---|---|---|---|---|---|---|---|---|---|---|---|---|---|
| Dewey Decimal Classification | IMTN | IMTN | Rack 43-B | 12/30/2024 | Raghav Books Pvt. LTD. | 499.00 | 1861 | 2 | 920 CHA | 33599 | 02/11/2025 | 01/23/2025 | 12/14/2024 | Books |